00802nam a2200265Ia 4500999001500000020001800015082001400033100002200047245004700069250000800116260003300124300001600157440003900173504001900212650002400231650002200255650002400277650002700301650001600328650002400344700002500368700002100393942000700414952011500421 c3288d3288 a0-321-08904-9 a382 CAV-W aCaves, Richard E. 0aWorld trade and payments : an introduction a9th aBostonbAddison Wesleyc2002 axiii, 634p. aAddison-Wesley Series in Economics aIncludes index aIncome distribution aCommercial policy aInternational trade aDistribution of income aWorld Trade aBalance of payments aFrankle, Jeffrey A. aJones, Ronald W. cBK 00104070aNASSDOCbNASSDOCd2004-09-09i2004-10-05l0o382 CAV-Wp39281r2019-04-18 00:00:00w2019-04-18yBK